000 02226nam a2200493 c 4500
003 BLK
005 20250708131929.0
008 180411b bul|||||r ||||||| ||bul||
010 _aKNG00181826000
020 _a978-954-625-982-0
020 _a3800083815976
040 _aBLK
041 _aBUL
_cBUL
072 7 _2bullib
_aН86
_xДетска отраслова литература Н
080 _aПатология. Клинична медицина
_b616
_x(035)(02.053.2)
_z616(035)(02.053.2)
100 _91584
_aРюбел, Дорис
_eтекст и ил.
139 _aРюбел, Дорис
_bР 98
245 1 0 _aЗащо се разболяваме?
_bЕнциклопедия за най-малките : 2 - 4 години : С повдигащи се капачета на всяка страница
_cтекст и ил. Дорис Рюбел; ил. Розалина Борилова Палазова
257 _aDEU
260 _bФют
_c2014
_fотпеч. в Италия
_aСофия
300 _a16 с.
_bс цв. ил.
_c20 см
380 _aDN
490 _aПоредица Защо? Какво? Как?
_9208015
_v3
500 _aКор. опис. - Ориг. загл. Bald Bin Ich Wieder Gesund / Ill. und Text Doris Rubel. - Сведения за авт. отг. отбелязани в изд. каре. - Кн. отпеч. на ламиниран картон.
650 4 _aБолести
_9148951
650 4 _aЕнциклопедии, детски
_9154962
653 _aболести
653 _aздраве
653 _aлитература за деца
653 _aдетска литература
659 _aН
700 1 _aРюбел, Дорис
_eтекст и ил.
_9117997
700 1 _aПалазова, Розалина Борилова
_gЖурналист. Преводач от немски език.
_9105705
852 _aЦб 274467
856 4 _qpdf
856 4 _qpdf
942 _cKNG
_n0
_0127
_s1
944 _aCR
_c15.09.2015
_lГеновева Генчева
_k30560
944 _aED
_c17.06.2016
_lф /
_kЛюдмила_Стоянова
999 _c173428
_d173428
999 _d173428
999 _d173428
999 _d173428
999 _d173428